[Event "Bergamo Open 2017"]
[Site "Bergamo"]
[Date "2017.07.14"]
[Round "2"]
[White "Ferretti, Folco"]
[Black "Brunello, Sabino"]
[Result "1/2-1/2"]
[WhiteElo "2229"]
[BlackElo "2572"]
[Annotator "TA"]
[PlyCount "79"]
[EventDate "2017.??.??"]
[EventCountry "ITA"]
[SourceTitle "playchess.com"]
[Source "ChessBase"]
[SourceQuality "1"]

{[%evp 19,79,-5,13,-4,0,-16,-8,-16,43,44,51,49,46,42,58,0,60,44,45,39,56,26,55,42,55,6,59,74,72,74,74,0,88,102,87,84,132,128,130,91,77,77,83,82,139,148,141,146,140,70,23,20,106,63,139,89,105,0,116,0,90,0]} 1. e4 c5 2. Nf3 e6 3. g3 Nc6 4. Bg2 Nf6 5. d3 d5 6. Nbd2 b6 7. O-O Bb7 8. Re1 Be7 9. c3 h6 10. a3 {C00: French: Unusual White 2nd moves} a5 {LiveBook: 5 Games} 11. Qa4 O-O $146 ({Predecessor:} 11... Qd7 12. Qc2 Qc7 13. Nf1 O-O 14. e5 Nd7 15. Qe2 d4 16. c4 a4 17. h4 Na5 {1-0 (48) Klinova,M (2407)-Vogel,J (2266) Amsterdam 2002}) 12. e5 {The position is equal.} Nh7 13. Qg4 f5 (13... Qe8 $11) 14. exf6 $1 $14 Rxf6 15. d4 ({Of course not} 15. Rxe6 h5 $15) 15... Nf8 16. Nf1 cxd4 17. cxd4 (17. Nxd4 $14 Qd7 18. Ne3) 17... Ba6 (17... Bd6 $1 $11) 18. Bd2 Bd3 19. Ne5 Nxe5 20. Rxe5 Rc8 21. Qd1 Rf7 22. Bh3 Bxf1 ({Black should try} 22... Bf6 $11 23. Rxe6 Bxd4) 23. Qxf1 Bf6 24. Rxe6 $1 Bxd4 25. Be3 (25. Qd3 $16 Rc4 26. Rf1 Nxe6 27. Bxe6) 25... Bxe3 (25... Nxe6 $11 26. Bxe6 Bxe3 27. Bxf7+ Kxf7 28. fxe3+ Qf6) 26. Rxe3 $16 d4 27. Re2 d3 28. Rd2 Rc2 29. Rad1 Qf6 30. Qxd3 Rxb2 31. Re1 b5 ({Better is} 31... Rxd2 32. Qxd2 Kh8) 32. Rxb2 Qxb2 {[#]} 33. Re2 $1 {[%cal Re2b2]} Qc1+ 34. Kg2 ({White should play} 34. Bf1 $16) 34... Qc6+ $14 35. Qe4 Qc5 (35... Qxe4+ $11 {remains equal.} 36. Rxe4 Rb7) 36. Qa8 {Threatens to win with Be6.} Ra7 (36... Qc4 $14 37. Re1 Qa2) 37. Qf3 Rf7 38. Qa8 {[#] Be6 is the strong threat.} Ra7 $1 {[%cal Ra7a8]} 39. Qf3 Rf7 $1 {[%cal Rf7f3]} 40. Qa8 {Precision: White = 45%, Black = 28%.} (40. Qb3 $16) 1/2-1/2

[Event "Bergamo Open 2017"]
[Site "Bergamo"]
[Date "2017.07.14"]
[Round "2"]
[White "Guanciale, Orazio"]
[Black "Kuljasevic, Davorin"]
[Result "0-1"]
[WhiteElo "2163"]
[BlackElo "2546"]
[Annotator "TA"]
[PlyCount "101"]
[EventDate "2017.??.??"]
[EventCountry "ITA"]
[SourceTitle "playchess.com"]
[Source "ChessBase"]
[SourceQuality "1"]

{[%evp 10,101,35,-11,54,24,35,-84,-68,-189,-185,-185,-113,-103,-83,-70,-85,-91,-25,-23,-14,-27,-34,-28,-27,-28,-25,-53,-22,-102,-42,-46,-44,-85,-85,-85,-85,-86,-92,-92,-80,-83,-83,-83,-85,-82,-81,-94,-84,-99,-97,-100,-100,-100,-84,-97,-94,-101,-75,-101,-101,-101,-101,-101,-101,-108,-82,-82,-82,-82,-68,-61,-62,-519,-525,-475,-482,-470,-379,-1283,-764,-1456,-573,-5273,-4134,-29979,-29980,-29980,-29981,-29982,-29982,-29980,-29982,-29991]} 1. e4 e5 2. f4 d5 3. exd5 exf4 4. Bc4 Nf6 5. Nc3 Bd6 6. Qe2+ {LiveBook: 10 Games. C29: Vienna Game: 2...Nf6 3 f4} (6. Nf3 O-O 7. O-O Nbd7 8. d4 Re8 9. Ng5 Nb6 10. Bb5 Bd7 11. Bxd7 Qxd7 12. Qf3 Qf5 13. Bxf4 Qxf4 14. Qxf4 Bxf4 15. Rxf4 Nfxd5 16. Nxd5 Nxd5 17. Rxf7 {0-1 (25) Plat,V (2474)-Konopka,M (2453) Czechia 2012}) 6... Kf8 (6... Be7 $11) 7. d4 c6 8. dxc6 $146 (8. Nf3 $14 {keeps the upper hand.}) ({Predecessor:} 8. Bd2 Bg4 9. Nf3 Qe7 10. Qxe7+ Kxe7 11. O-O Rd8 12. Rae1+ Kf8 13. Ng5 Bh5 14. Bxf4 Bxf4 15. Rxf4 {1-0 (39) Ikeda,J (2275)-Yuan,Y (2129) Sydney 2010}) 8... Nxc6 $17 9. Qd3 (9. Nf3 $15) 9... Nb4 $1 $19 {[%cal Rb4d3]} 10. Qd1 {[#]} Bf5 (10... Bg4 $1 $19 {[%cal Rg4d1]} 11. Nf3 Bxf3 12. gxf3 Qc8) 11. Bb3 $17 Ng4 12. Nf3 Qe7+ 13. Kf1 Qe3 (13... Re8 $17) 14. Bxe3 $11 Nxe3+ 15. Kf2 Nxd1+ 16. Raxd1 Bxc2 17. Bxc2 Nxc2 18. Nd5 Re8 19. Ne5 (19. Rd3 $11 {keeps the balance.}) 19... Ne3 (19... Rd8 $17 20. Nf3 (20. Nxf4 Nxd4 21. Rhe1 g6 $17) 20... Bb8) 20. Nxe3 $15 fxe3+ 21. Kf3 e2 22. Rd2 Bxe5 23. dxe5 Rxe5 $17 {[%mdl 4096] Endgame KRR-KRR} 24. Re1 Ke7 25. Rdxe2 Rxe2 26. Rxe2+ {KR-KR} Kf6 27. Rd2 Re8 28. Rd3 Re6 29. Rd7 Re7 30. Rd6+ Ke5 31. Rd3 Rc7 32. a4 f5 33. Rb3 a6 34. Rb6 g5 35. h3 Rd7 36. a5 h5 37. b4 g4+ 38. hxg4 hxg4+ 39. Kg3 Rd3+ 40. Kh4 $1 Kf4 {White must now prevent ...Rg3.} 41. Rxb7 $2 {[%mdl 8192] [#]} (41. b5 $1 $15) 41... Rg3 $1 $19 {[%cal Rg3g2]} 42. Rc7 Rxg2 {[%cal Rg2h2]} 43. Rc4+ Ke5 44. Kg5 $2 (44. Rc5+ Kf4 45. Rc4+ Ke3 46. Rc3+ Kd4 47. Rc6) 44... Rf2 45. Rc5+ Ke4 (45... Kd4 $142 46. Kh4 Rh2+ 47. Kg3 Rh3+ 48. Kf2 f4) 46. b5 g3 {[%cal Bg4g3,Bg3g2][%mdl 32]} 47. Rc1 g2 {Black mates.} 48. Rg1 axb5 49. a6 Ra2 50. a7 Rxa7 51. Rxg2 {Precision: White = 34%, Black = 59%.} 0-1

[Event "Bergamo Open 2017"]
[Site "Bergamo"]
[Date "2017.07.14"]
[Round "2"]
[White "Sorcinelli, Francesco"]
[Black "Manea, Alexandru"]
[Result "1/2-1/2"]
[WhiteElo "2115"]
[BlackElo "2414"]
[Annotator "TA"]
[PlyCount "136"]
[EventDate "2017.??.??"]
[EventCountry "ITA"]
[SourceTitle "playchess.com"]
[Source "ChessBase"]
[SourceQuality "1"]

{[%evp 14,136,109,104,102,123,145,139,137,139,139,128,139,137,133,43,47,22,22,22,22,22,22,23,28,15,12,14,11,0,0,0,0,0,0,0,0,0,13,0,12,13,13,0,6,3,7,0,0,0,0,0,14,0,10,0,0,0,0,0,0,0,0,0,0,0,0,-57,-49,-39,-84,-197,-177,-202,-185,-231,-219,-231,-231,-234,-231,-231,-213,-356,-212,-100,-114,-226,-8,-28,-29,-31,-8,-8,-8,-8,-8,-8,-8,-8,-8,-8,-8,-8,-8,-8,-8,-8,-8,-8,-8,-8,-8,-8,-8,-8,-8,-8,-8,-8,-8,-8,-8,-8,0]} 1. e4 g6 2. d4 Bg7 3. Nc3 d6 4. Be3 c6 5. f4 d5 (5... b5 6. Bd3 Qb6 7. Nf3 Bg4 8. Ne2 Bxf3 9. gxf3 e6 10. c3 Nd7 11. a4 b4 12. a5 Qb7 13. Qb3 Rb8 14. c4 {½-½ (46) Almasi,Z (2707)-Ivanchuk,V (2775) Beijing 2011}) 6. e5 {B06: Modern Defence} Nh6 7. Nf3 Bg4 8. h3 {LiveBook: 3 Games. White is better.} Bxf3 9. Qxf3 f5 10. O-O-O $146 ({Predecessor:} 10. g4 e6 11. g5 Nf7 12. h4 Nd7 13. h5 Rg8 14. hxg6 hxg6 {0-1 (81) Llaneza Vega,P (2207)-Munoz Pantoja,M (2503) Barcelona 2010}) 10... e6 11. g4 Nd7 12. Bd3 Qe7 13. Kb1 O-O-O 14. gxf5 ({White should try} 14. a3 $16) 14... Nxf5 $14 15. Bxf5 (15. Rdg1 {with more complications.} Rdg8 16. Ne2 Kb8 17. b3 Nh4 18. Qf2) 15... gxf5 16. Rhg1 Qf7 17. Rg3 Rdg8 18. Rdg1 Bf8 19. Rxg8 Rxg8 20. Rxg8 Qxg8 21. Qh5 Qg6 22. Qxg6 hxg6 $11 {[%mdl 4096] Endgame KBN-KBN} 23. Ne2 Kd8 24. c3 Ke8 25. Kc2 Nb6 26. Bf2 Be7 27. b3 Kf7 28. Kd3 Kg7 29. Ke3 Nd7 30. Ng1 Kh6 31. Ne2 Nf8 32. Kf3 Nh7 33. Kg2 Kh5 34. Ng3+ Kh6 35. Ne2 Nf8 36. Kf3 g5 37. Be3 Ng6 38. fxg5+ Bxg5 39. Bxg5+ Kxg5 {KN-KN} 40. c4 ({Better is} 40. b4 $1 $11) 40... dxc4 41. bxc4 {[#]} c5 $1 {[%mdl 512]} 42. dxc5 (42. Ke3 $17) 42... Nxe5+ $19 43. Kg3 Nxc4 44. h4+ Kf6 $1 45. Nd4 {[#]} a6 $1 46. c6 bxc6 47. Nxc6 e5 48. Nb4 (48. a4 $142) 48... a5 (48... f4+ $142 49. Kf2 a5) 49. Nd5+ (49. Nd3 $19) 49... Ke6 $17 50. Nc3 {[#]} Nb6 $2 (50... Nd6 $1 $19 {Strongly threatening ...Ne8.} 51. a3 Kf7) 51. h5 $11 Kf6 {aiming for ...Kg5.} 52. Kh4 e4 {Hoping for ...e3.} 53. h6 {The position is equal.} e3 {With the idea ...Kg6.} 54. h7 Kg7 {...Nd5! is the strong threat.} 55. Kg5 f4 56. Kg4 Kxh7 57. Kf3 Kh6 58. Ne2 $1 Nd5 59. Ke4 Kg5 {next ...Kf6 is good for Black.} (59... Kh5 {is interesting.} 60. a4 Kg5 61. Nxf4 Nxf4 62. Kxe3 Ng6) 60. Nxf4 Nxf4 61. Kxe3 {KN-KP} Kf5 62. Kd4 $1 Ne6+ 63. Kc4 Nc7 (63... Ke5 $5 {[%cal Re6d8]} 64. Kb5 Ng7 $11) 64. Kc5 Ke4 65. Kb6 a4 {( -> ...a3)} 66. Ka5 $1 Nd5 {Threatens to win with ...Nc3.} 67. Kxa4 Nc3+ 68. Kb3 Nxa2 {Precision: White = 64%, Black = 67%.} 1/2-1/2

[Event "Bergamo Open 2017"]
[Site "Bergamo"]
[Date "2017.07.14"]
[Round "3"]
[White "Salgado Lopez, Ivan"]
[Black "Sonis, Francesco"]
[Result "1/2-1/2"]
[WhiteElo "2622"]
[BlackElo "2440"]
[Annotator "TA"]
[PlyCount "63"]
[EventDate "2017.??.??"]
[EventCountry "ITA"]
[SourceTitle "playchess.com"]
[Source "ChessBase"]
[SourceQuality "1"]

{[%evp 16,63,19,14,20,18,25,17,13,14,14,-15,32,23,35,24,31,40,31,0,24,20,20,31,35,23,33,23,29,22,60,0,0,0,23,23,23,14,20,0,0,0,0,0,0,0,0,0,3,0]} 1. Nf3 Nf6 2. b3 g6 3. c4 Bg7 4. Bb2 O-O 5. g3 c5 6. Bg2 Nc6 7. O-O d6 8. d3 Bd7 9. Nc3 {LiveBook: 7 Games. A30: Symmetrical English: Double Fianchetto and Hedgehog} a6 10. e3 Rc8 $146 ({Predecessor:} 10... Rb8 11. Qe2 b5 12. h3 h6 13. Rfd1 bxc4 14. dxc4 Qc8 15. Kh2 a5 16. Rab1 Nb4 {1-0 (60) Hamitevici,V (2472)-Bargan,S (2267) Kishinev 2016}) 11. h3 {White has an edge.} Na5 12. Qd2 b5 13. Nd5 (13. Nh2 {seems wilder.} b4 14. Ne2 Bc6 15. Rad1 e6 16. f4) 13... Nxd5 14. cxd5 Bxb2 15. Qxb2 e5 16. dxe6 fxe6 17. b4 cxb4 18. Qxb4 Bc6 19. e4 Nb7 {[%cal Ba5b7,Bb7c5,Bc5e4][%mdl 32]} 20. h4 Nc5 21. Qd2 Qf6 22. Rac1 b4 23. d4 (23. Ng5 $14 Bb5 24. e5 dxe5 25. Bh3) 23... Nxe4 $11 24. Qxb4 {Ng5! is the strong threat.} Bd5 (24... Qf5 {is interesting.} 25. Qb6 Bd5 26. Rxc8 Rxc8 27. Qxa6 Ra8) 25. Rxc8 Rxc8 {[#]} 26. Ng5 $1 {[%mdl 512]} Nxg5 {The position is equal.} 27. hxg5 (27. Bxd5 $5 {[%cal Rh4g5]} Nh3+ 28. Kh2 exd5 29. Kxh3 $11) 27... Qxg5 28. Qxd6 Qd8 29. Qe5 Bxa2 30. Ra1 Bc4 31. Rc1 Bb3 32. Ra1 {Precision: White = 61%, Black = 56%.} 1/2-1/2

[Event "Bergamo Open 2017"]
[Site "Bergamo"]
[Date "2017.07.14"]
[Round "3"]
[White "Brunello, Sabino"]
[Black "Vezzosi, Paolo"]
[Result "1-0"]
[WhiteElo "2572"]
[BlackElo "2332"]
[Annotator "TA"]
[PlyCount "69"]
[EventDate "2017.??.??"]
[EventCountry "ITA"]
[SourceTitle "playchess.com"]
[Source "ChessBase"]
[SourceQuality "1"]

{[%evp 10,69,44,36,35,35,40,34,41,39,49,22,21,-32,-39,-68,-45,-70,-24,-102,-47,-17,-14,-56,58,-91,-91,-70,-66,-86,-26,-72,-52,-107,0,0,-7,-18,-21,-18,-31,-50,-47,-43,0,0,167,150,260,287,252,268,289,282,261,265,345,340,432,442,484,475]} 1. d4 d5 2. c4 dxc4 3. e4 Nc6 4. Nf3 Bg4 5. d5 Ne5 6. Bf4 Ng6 {D20: Queen's Gambit Accepted: 3 e3 and 3 e4} 7. Be3 e5 (7... Nf6 8. Bxc4 e5 9. Nc3 Bd6 10. Bb5+ Kf8 11. O-O Nf4 12. Re1 g5 13. g3 Nh3+ 14. Kh1 {½-½ (46) Matlakov,M (2701)-Edouard,R (2613) Caleta 2017}) 8. Nbd2 Nf6 {White is slightly better.} 9. Bxc4 Bd6 10. Qb3 O-O 11. O-O $146 (11. Bd3 $11) ({Predecessor:} 11. Qxb7 Rb8 12. Qa6 Rxb2 13. O-O Bxf3 14. Nxf3 Nxe4 {0-1 (33) Andersen,M (2398)-Borisenko,V (2302) Albena 2011}) 11... Bxf3 $1 $15 12. Nxf3 Nxe4 13. Qxb7 f5 {[%cal Bf7f5,Bf5f4][%mdl 32]} (13... Rb8 $5 {[%cal Rb8b7]} 14. Qxa7 Qc8 $11) 14. Rfe1 (14. Qc6 $11 {keeps the balance.}) 14... Kh8 (14... Nh4 $17 15. Nxh4 Qxh4) 15. Qc6 f4 16. Bd2 Ng5 (16... Nxd2 $15 17. Nxd2 Bb4) 17. Bd3 (17. Nxg5 $14 {was the only good move.} Qxg5 18. Bd3) 17... Nxf3+ $17 18. gxf3 Nh4 {Strongly threatening ...Qg5+.} 19. Be4 $1 Rf6 (19... Qg5+ $17 20. Kf1 Qh5) 20. Rac1 Rb8 21. b3 (21. Bc3 $15) 21... Rg6+ (21... Rh6 $17 {With the idea ...Qg5+.} 22. Kf1 Qc8) 22. Kf1 $1 $11 Rg2 {Threatens to win with ...Qg5.} 23. Ke2 Qg5 {White must now prevent ...Rxf2+!} 24. Rf1 Nf5 ({Much worse is} 24... Rxh2 $6 25. Ba5 $14) 25. Kd3 Nd4 26. Qd7 Qh6 27. Ba5 Rg6 $2 (27... Rg8 $11 {and Black is okay.}) 28. Bxc7 $40 {[%mdl 128] White is out for blood.} Rf8 (28... Rg8 $16) 29. Bxd6 Rxd6 {[#]} 30. Rc8 $1 {[%cal Rc8f8][%mdl 512]} Qf6 31. Rxf8+ Qxf8 32. Qxa7 Rd8 33. Rc1 Nf5 34. Rc7 Nd6 {Now ...Nb5 and Black clings on.} 35. Qc5 {Precision: White = 57%, Black = 39%.} 1-0

[Event "Bergamo Open 2017"]
[Site "Bergamo"]
[Date "2017.07.14"]
[Round "3"]
[White "Kuljasevic, Davorin"]
[Black "Videnova, Iva"]
[Result "1-0"]
[WhiteElo "2546"]
[BlackElo "2370"]
[Annotator "TA"]
[PlyCount "59"]
[EventDate "2017.??.??"]
[EventCountry "ITA"]
[SourceTitle "playchess.com"]
[Source "ChessBase"]
[SourceQuality "1"]

{[%evp 20,59,16,0,50,24,26,13,11,8,22,0,0,0,0,8,20,-1,9,9,20,14,25,25,75,79,102,93,107,106,79,93,121,117,131,131,131,131,131,137,582,574]} 1. d4 Nf6 2. Nf3 g6 3. g3 c5 4. c3 cxd4 5. cxd4 Bg7 6. Bg2 Nc6 7. Nc3 d5 8. Ne5 O-O 9. O-O e6 10. Nxc6 bxc6 11. Bf4 {LiveBook: 73 Games} Ne8 {D79: Fianchetto Grünfeld: Symmetrical Variation (6 0-0 c6 7 cxd5 cxd5)} 12. Na4 $146 ({Predecessor:} 12. Qd2 Nd6 13. Bxd6 Qxd6 14. Rac1 a5 15. Rfd1 a4 16. a3 Ba6 17. Na2 Bc4 18. Nb4 Rac8 19. Bf1 {0-1 (47) Dubinski,M (2223)-Alexikov,A (2360) Krakow 2015}) 12... Nd6 13. Bxd6 Qxd6 {The position is equal.} 14. Rc1 Rb8 15. e3 e5 16. dxe5 $1 Bxe5 17. b3 Rd8 18. Qe2 Rb5 19. Rfd1 h5 20. Qc2 Bd7 (20... Bg4 $5 {[%cal Rg4d1]}) 21. Nc5 Be8 22. e4 Bb2 23. Qxb2 Rxc5 24. Rxc5 Qxc5 25. Qf6 Rd7 26. exd5 cxd5 27. Re1 $36 {[%mdl 2048] White is on the roll.} Qf8 28. Qe5 Rd8 29. Bxd5 Bd7 $2 {[%mdl 8192] [#]} (29... Rd6 $16 {is more resistant.} 30. Rd1 Rd7) 30. Qf6 {Precision: White = 62%, Black = 28%.} 1-0

[Event "Bergamo Open 2017"]
[Site "Bergamo"]
[Date "2017.07.14"]
[Round "3"]
[White "Godena, Michele"]
[Black "Ivanisevic, Ivan"]
[Result "1/2-1/2"]
[WhiteElo "2511"]
[BlackElo "2623"]
[Annotator "TA"]
[PlyCount "39"]
[EventDate "2017.??.??"]
[EventCountry "ITA"]
[SourceTitle "playchess.com"]
[Source "ChessBase"]
[SourceQuality "1"]

{[%evp 14,39,18,15,23,19,29,25,16,23,22,26,22,11,8,7,6,0,0,0,7,0,0,0,3,10,13,12]} 1. e4 c5 2. c3 d5 3. exd5 Qxd5 4. d4 Nf6 5. Nf3 e6 6. Na3 {[%cal Bb1a3,Ba3c2,Bc2d4][%mdl 32]} Nc6 7. Be2 Qd8 8. Nc2 Bd7 {B22: Sicilian: 2 c3} (8... cxd4 9. Ncxd4 Nxd4 10. Qxd4 Qxd4 11. Nxd4 Bd7 12. O-O O-O-O 13. Bf4 Bc5 14. Be5 Bb6 15. Rfe1 Ne8 16. Bc4 f6 17. Bg3 e5 18. Ne6 Nd6 19. Nxd8 Nxc4 {½-½ (84) Salgado Lopez,I (2606)-Navara,D (2710) Caleta 2013}) 9. Bf4 {[%cal Bc1f4,Bf4e5,Be5d4,Bd4f2][%mdl 32]} cxd4 10. Ncxd4 Bc5 $146 {[%cal Bf8c5,Bc5b6,Bb6c7][%mdl 32] White has an edge.} ({Predecessor:} 10... a6 11. O-O Be7 12. Ne5 Nxe5 13. Bxe5 O-O 14. Bf3 Ra7 15. Re1 Qc8 16. a4 Ne8 17. Nf5 exf5 {½-½ (42) Karlsson,H (2220)-Taylor,G (2325) Reykjavik 1984}) 11. O-O O-O 12. Nb3 Bb6 13. Ne5 {The position is equal.} Nxe5 14. Bxe5 Bc6 15. Qxd8 Rfxd8 16. Rfd1 Ne4 {And now ...Rxd1+ would win.} 17. Bd4 Bc7 18. f3 Nd6 19. Bf2 Bd5 20. Nc5 {Precision: White = 61%, Black = 76%.} 1/2-1/2

[Event "Bergamo Open 2017"]
[Site "Bergamo"]
[Date "2017.07.14"]
[Round "3"]
[White "Valsecchi, Alessio"]
[Black "Negro, Roberto"]
[Result "1/2-1/2"]
[WhiteElo "2506"]
[BlackElo "2198"]
[Annotator "TA"]
[PlyCount "63"]
[EventDate "2017.??.??"]
[EventCountry "ITA"]
[SourceTitle "playchess.com"]
[Source "ChessBase"]
[SourceQuality "1"]

{[%evp 17,63,10,18,17,40,40,40,40,28,15,25,-4,1,0,0,-23,0,-15,-7,-25,-31,-45,-45,-38,-43,-47,-56,-35,-39,-51,-29,-29,-17,-17,-12,-243,-30,-31,-32,-203,-210,-223,-200,-266,-241,-333,-237,-335]} 1. Nf3 Nf6 2. c4 c6 3. d4 d5 4. Nbd2 e6 5. g3 Be7 6. Bg2 b6 7. O-O O-O 8. Qc2 Bb7 9. Rd1 Nbd7 10. e4 {E06: Closed Catalan: Early deviations} Qc8 (10... Rc8 11. e5 Ne8 12. cxd5 cxd5 13. Qd3 Qc7 14. Qe2 Nb8 15. Ne1 Ba6 16. Qg4 Qd7 17. Ndf3 Nc6 18. Be3 f5 19. exf6 Nxf6 20. Qh3 Bd6 21. a3 Ne4 {½-½ (55) Ponkratov,P (2604)-Timofeev,A (2555) Khanty-Mansiysk 2015}) 11. e5 Ne8 {[%cal Bf6e8,Be8c7,Bc7d5][%mdl 32]} 12. b3 {White is slightly better.} Nc7 13. Nf1 $146 ({Predecessor:} 13. Bb2 a5 14. Rac1 Na6 15. h4 Rd8 16. cxd5 cxd5 17. Qd3 Nb4 {½-½ (33) Lei,T (2232)-Pham,L (2360) China 2013}) 13... c5 14. Ba3 Re8 15. Rac1 dxc4 16. Qxc4 {[%cal Rd4c5]} Nd5 17. Qd3 Qb8 18. h4 h6 19. N1d2 a5 20. Nc4 a4 21. dxc5 Nxc5 22. Qc2 axb3 23. axb3 b5 24. Nd6 $1 Bxd6 25. exd6 Nd7 $36 {[%cal Bc5d7,Bd7f6,Bf6e4][%mdl 2080] Black is pushing.} 26. Bc5 $2 {[#]} (26. Bb2 $11 {and White is okay.}) 26... b4 $2 (26... Rc8 $1 $19 {[%cal Rc8c5]} 27. b4 {[#]} Nxb4 $1 {[%mdl 512]}) 27. Bd4 $1 $11 Qxd6 28. Qb2 $2 (28. Nd2 $15) 28... e5 $19 29. Be3 Qe6 30. Qd2 N7f6 {Strongly threatening ...Nc3.} 31. Re1 Ne4 32. Qb2 {[%mdl 32768] Precision: White = 22%, Black = 59%. . An unexpected result.} (32. Ng5 $142 hxg5 33. Bxe4) 1/2-1/2

[Event "Bergamo Open 2017"]
[Site "Bergamo"]
[Date "2017.07.14"]
[Round "3"]
[White "Manea, Alexandru"]
[Black "Paler, Adrian"]
[Result "1-0"]
[WhiteElo "2414"]
[BlackElo "2106"]
[Annotator "TA"]
[PlyCount "109"]
[EventDate "2017.??.??"]
[EventCountry "ITA"]
[SourceTitle "playchess.com"]
[Source "ChessBase"]
[SourceQuality "1"]

{[%evp 20,109,6,5,40,37,37,11,10,13,5,3,18,10,20,22,26,19,25,29,41,33,62,45,50,33,43,12,29,0,35,28,35,35,38,26,44,41,45,40,44,35,35,35,43,38,40,23,36,31,43,14,12,16,17,10,12,14,60,58,91,96,99,91,94,95,162,144,160,163,160,151,157,180,174,170,754,752,750,731,708,697,29979,29980,29980,29981,29982,29983,29984,29985,29985,29986]} 1. e4 c5 2. Nf3 d6 3. d4 cxd4 4. Nxd4 Nf6 5. Nc3 a6 6. Be2 e5 7. Nf3 Be7 8. Bg5 Be6 9. Bxf6 Bxf6 10. O-O O-O 11. Nd5 {LiveBook: 3 Games. B92: Sicilian Najdorf: 6 Be2} Bxd5 (11... Nd7 12. Qd2 Rc8 13. c3 Be7 14. Rfd1 Rc6 15. Qe3 h6 16. Nxe7+ Qxe7 17. Ne1 Nb6 18. b3 d5 {½-½ (51) Dvoirys,S (2566)-Aharon,O (2343) Jerusalem 2015}) 12. Qxd5 Qc7 13. Bc4 {White is slightly better.} Nd7 14. Bb3 Nc5 15. c3 $146 ({Predecessor:} 15. Rad1 Be7 16. Rfe1 {1-0 (75) Collas,D (2380)-Vegh,J (2215) Geneve 1996}) 15... Qc6 16. Rfe1 Rad8 17. Rad1 Rd7 18. Re2 Rfd8 19. g3 h6 20. h4 Kh7 21. Kg2 g6 22. Bc4 Kg7 23. Re3 Rc7 (23... Na4 {looks sharper.} 24. Bb3 Nb6 25. Qd3 d5 26. Rde1 Nc4) 24. Rd2 Ne6 25. Qxc6 Rxc6 26. Bd5 Rc7 27. Re1 Be7 28. Red1 Rb8 29. Ne1 Nc5 30. Nc2 a5 31. Ne3 b5 32. Rc1 Nd7 33. Rdc2 Nf6 34. Kf3 h5 35. b4 (35. a4 $5) 35... Bd8 36. Bb3 Rc6 37. bxa5 Bxa5 38. c4 b4 39. c5 {And now cxd6 would win.} dxc5 40. Rxc5 Rxc5 41. Rxc5 Bb6 42. Rxe5 {Hoping for Re7.} Bxe3 (42... Kf8 $16) 43. fxe3 $16 {[%mdl 4096] Endgame KRB-KRN} Rb7 44. Ra5 Ng4 {[#]} 45. e5 $1 Rc7 46. e6 fxe6 47. Bxe6 Nxe3 $2 (47... Nh2+ 48. Kf4 Rc2) 48. Kxe3 $18 {KRB-KR} Re7 49. Ra6 Kf6 50. Kd4 Rxe6 51. Rxe6+ {White mates.} Kxe6 52. Kc4 Kf5 53. Kxb4 Kg4 54. a4 {[%cal Ba2a4,Ba4a5][%mdl 32]} Kxg3 55. a5 {Precision: White = 68%, Black = 49%.} 1-0

[Event "Bergamo Open 2017"]
[Site "Bergamo"]
[Date "2017.07.14"]
[Round "3"]
[White "Haimovich, Tal"]
[Black "Landa, Konstantin"]
[Result "0-1"]
[WhiteElo "2380"]
[BlackElo "2617"]
[Annotator "TA"]
[PlyCount "90"]
[EventDate "2017.??.??"]
[EventCountry "ITA"]
[SourceTitle "playchess.com"]
[Source "ChessBase"]
[SourceQuality "1"]

{[%evp 18,90,19,11,14,15,12,-21,-8,-11,12,-6,-12,-27,-13,-19,0,-30,-34,-48,-43,-47,-16,-69,-59,-77,-68,-110,-119,-89,-78,-91,-89,-117,-117,-111,-117,-115,-115,-115,-118,-158,-154,-166,-166,-172,-165,-178,-171,-195,-186,-217,-217,-258,-252,-256,-252,-256,-257,-283,-286,-357,-361,-361,-352,-350,-352,-477,-473,-491,-475,-472,-451,-535,-544]} 1. d4 Nf6 2. c4 e6 3. Nc3 Bb4 4. e3 O-O 5. Bd3 d5 6. Nf3 c5 7. O-O dxc4 8. Bxc4 Nc6 9. a3 Ba5 10. Ba2 {LiveBook: 20 Games} cxd4 {E56: Nimzo-Indian: Rubinstein: Main Line: 7...Nc6} (10... h6 11. h3 a6 12. Ne2 cxd4 13. Nexd4 Nxd4 14. Qxd4 Qxd4 15. Nxd4 Bb6 16. Nf3 Bd7 17. Bd2 Ne4 18. Bb4 Rfc8 19. Rfc1 a5 20. Be1 Ba4 21. b4 axb4 22. Bxb4 Bd8 23. Nd2 Nxd2 24. Bxd2 Bc2 {0-1 (24) Spraggett,K (2564)-Almasi,Z (2694) Linares 2014}) 11. exd4 Bb6 {[%cal Rc6d4]} 12. Ne2 $146 ({Predecessor:} 12. Be3 Nd5 13. Qe2 Nce7 14. Rad1 Bd7 15. Ne5 Be8 16. Bc1 Rc8 17. Rd3 f6 18. Nc4 {½-½ (27) Taimanov,M (2585)-Parma,B (2500) Tbilisi 1973}) 12... h6 {The position is equal.} 13. Bf4 Bc7 14. Bxc7 Qxc7 15. Qc2 Bd7 {[%cal Bc8d7,Bd7e8,Be8b5][%mdl 32]} 16. Rfe1 Rac8 17. Rac1 Qb6 {...Nxd4 is the strong threat.} 18. Qb1 Rfd8 19. Rcd1 Be8 20. b4 (20. Nf4 $11) 20... Ne7 $15 21. Ne5 Ned5 22. Qb2 Bb5 {[#] aiming for ...Bxe2.} 23. Nd3 Ne4 {And now ...Ndc3 would win.} 24. Bxd5 Rxd5 25. f3 {[#]} Nc3 $1 {[%mdl 512]} 26. Nxc3 Qxd4+ 27. Nf2 Qxc3 28. Qxc3 Rxc3 29. Ra1 Rc2 $36 {[%mdl 2048] Threatens to win with ...Rdd2. Black is really pushing.} 30. Rec1 Rdd2 31. Rxc2 Rxc2 $19 {[%mdl 4096] Endgame KRB-KRN} 32. Ne4 Bc6 33. Nd6 g5 34. h3 Kg7 35. b5 Bd5 36. a4 Kf6 37. Re1 h5 {[%cal Bh6h5,Bh5g4][%mdl 32]} 38. Ne4+ Kg6 39. Re3 f5 40. Nd6 g4 41. hxg4 hxg4 ({Resist} 41... fxg4 42. Re1) 42. Rd3 g3 {Black is clearly winning.} 43. Kf1 Rf2+ 44. Kg1 Ra2 {( -> ...Ra1+)} 45. Kf1 Rxa4 {Precision: White = 32%, Black = 92%.} 0-1